Statistiques concernant Les albums de Tintin

Cliquez ici pour prendre le quiz!

Statistiques générales

  • Ce quiz a été pris 197 fois
  • Le résultat moyen est 21 sur 23

Statistiques - réponses

IndiceRéponse% Correct
Le ____ aux pinces d'orcrabe
98%
Les sept boules de ____cristal
98%
On a marché sur la ____Lune
98%
Le trésor de Rakham le ____Rouge
98%
Tintin au pays de l'____ noiror
97%
L'____ casséeoreille
96%
Les cigares du ____pharaon
96%
Le temple du ____soleil
95%
Les bijoux de la ____Castafiore
94%
____ LuneObjectif
94%
Tintin en ____Amérique
93%
Tintin au ____Congo
93%
Le secret de la ____Licorne
92%
Le ____ d'Ottokarsceptre
91%
Le ____ bleulotus
90%
____ en stockCoke
89%
Tintin au pays des ______soviets
89%
L'affaire ____Tournesol
89%
L'île ____noire
88%
Vol 714 pour ____Sydney
88%
Tintin au ____Tibet
87%
l'____ mystérieuseétoile
75%
Tintin et les ____Picaros
74%

Distribution des résultats

Percentile par nombre de réponses

% des personnes avec chaque résultat

Votre développement - résultats

Vous n’avez pas pris ce quiz